The water margin : (Record no. 523575)
[ view plain ]
| 000 -LEADER | |
|---|---|
| fixed length control field | 01101cam a2200301 a 4500 |
| 001 - CONTROL NUMBER | |
| control field | 16067175 |
| 003 - CONTROL NUMBER IDENTIFIER | |
| control field | NUST |
| 005 - DATE AND TIME OF LATEST TRANSACTION | |
| control field | 20190427102357.0 |
| 008 - FIXED-LENGTH DATA ELEMENTS--GENERAL INFORMATION | |
| fixed length control field | 100125s2010 ja 000 1 eng |
| 010 ## - LIBRARY OF CONGRESS CONTROL NUMBER | |
| LC control number | 2010001697 |
| 020 ## - INTERNATIONAL STANDARD BOOK NUMBER | |
| International Standard Book Number | 9780804840958 (pbk.) |
| 038 ## - RECORD CONTENT LICENSOR | |
| Staff Name | AZHAR |
| 040 ## - CATALOGING SOURCE | |
| Original cataloging agency | DLC |
| Transcribing agency | DLC |
| Modifying agency | DLC |
| 041 1# - LANGUAGE CODE | |
| Language code of text/sound track or separate title | eng |
| Language code of original | chi |
| 050 00 - LIBRARY OF CONGRESS CALL NUMBER | |
| Classification number | PL2694.S5 |
| Item number | E5 2010 |
| 082 00 - DEWEY DECIMAL CLASSIFICATION NUMBER | |
| Classification number | 895.1/34 |
| Edition number | 22 |
| 130 0# - MAIN ENTRY--UNIFORM TITLE | |
| Uniform title | Shui hu zhuan. |
| Language of a work | English |
| 9 (RLIN) | 14246 |
| 245 14 - TITLE STATEMENT | |
| Title | The water margin : |
| Remainder of title | outlaws of the marsh / |
| Statement of responsibility, etc. | written by Shi Naian ; translated by J. H. Jackson ; with a new foreword by Edwin Lowe. |
| 250 ## - EDITION STATEMENT | |
| Edition statement | 1st ed. |
| 260 ## - PUBLICATION, DISTRIBUTION, ETC. | |
| Place of publication, distribution, etc. | Tokyo ; |
| -- | Rutland, Vt. : |
| Name of publisher, distributor, etc. | Tuttle Pub., |
| Date of publication, distribution, etc. | c2010. |
| 300 ## - PHYSICAL DESCRIPTION | |
| Extent | xlix, 798 p. ; |
| Dimensions | 21 cm. |
| 700 1# - ADDED ENTRY--PERSONAL NAME | |
| Personal name | Shi, Nai'an, |
| Dates associated with a name | approximately 1290-approximately 1365. |
| 9 (RLIN) | 14247 |
| 700 1# - ADDED ENTRY--PERSONAL NAME | |
| Personal name | Jackson, J. H. |
| 9 (RLIN) | 14248 |
| 700 1# - ADDED ENTRY--PERSONAL NAME | |
| Personal name | Lowe, Edwin, |
| Dates associated with a name | 1972- |
| 9 (RLIN) | 14249 |
| 906 ## - LOCAL DATA ELEMENT F, LDF (RLIN) | |
| a | 7 |
| b | cbc |
| c | orignew |
| d | 1 |
| e | ecip |
| f | 20 |
| g | y-gencatlg |
| 942 ## - ADDED ENTRY ELEMENTS (KOHA) | |
| Source of classification or shelving scheme | |
| Koha item type | Book |
| Withdrawn status | Lost status | Source of classification or shelving scheme | Damaged status | Not for loan | Permanent Location | Current Location | Shelving location | Date acquired | Total Checkouts | Full call number | Barcode | Date last seen | Price effective from | Koha item type |
|---|---|---|---|---|---|---|---|---|---|---|---|---|---|---|
| Central Library (CL) | Central Library (CL) | Chinese Studies | 04/27/2019 | 895.1/34 NAI | CL-15 | 04/27/2019 | 04/27/2019 | Book |
